000 00656nam a2200241Ia 4500
003 OSt
005 20220918202725.0
006 a|||||r|||| 00| 0
007 ta
008 220917b |||||||| |||| 00| 0 eng d
024 _a103,350
037 _cTextual
040 _aARTS
_cARTS
_beng
041 _2eng
_aeng
082 _aV262CC:M1, C7
100 _aBusteed H E
_9105001
245 0 _aEchoes from old Calcutta being chiefly reminiscences of the days of warren hastings Francis and impey
250 _a3rd
260 _c1897
650 _aHISTORY
942 _hV262CC:M1, C7
_cTEXL
_2CC
999 _c226769
_d226769